| 000 | 01150nam a2200289 i 4500 | ||
|---|---|---|---|
| 001 | 15756 | ||
| 003 | DO-SdUEMH | ||
| 005 | 20260129164447.0 | ||
| 007 | ta | ||
| 008 | 211105s2006||||dr |||gr|||| 0|| | spa d | ||
| 040 |
_aDO-SdUEMH _bspa _erda |
||
| 041 | _aspa | ||
| 082 | 1 | 4 |
_aRD 347.055 G633F _mRD _bG633 |
| 084 | _b11-00034 | ||
| 100 | 1 |
_aGómez Geraldino, Alexis A. _eaut |
|
| 245 | 0 |
_aFormularios Anotados del Proceso Penal / _cAlexis A. Gómez Geraldino |
|
| 260 | _c2006 | ||
| 264 | 1 |
_aSanto Domingo, República Dominicana : _c2006 |
|
| 264 | 4 | _c©2006 | |
| 300 |
_axiii, 247 páginas : _c22 cm. |
||
| 336 |
_2rdacontent _atexto _btxt |
||
| 337 |
_2rdamedia _asin mediación _bn |
||
| 338 |
_2rdacarrier _avolumen _bnc |
||
| 505 | 2 | _aInstancia de la víctima y del imputado -- Acción pública a distancia privada (Art. 31) -- La acción pública -- Instancia al juez de la ejecución penal -- Actos del ministerio público -- Actos de la instancia del actor civil -- Resoluciones del juez de la instrucción -- Modelos de sentencia de fondo -- Los recursos -- Resoluciones de la ejecución penal. | |
| 942 |
_2ddc _cBK _n0 |
||
| 999 |
_c15756 _d15756 |
||